000 00306nam a22001337a 4500
008 170508b xxu||||| |||| 00| 0 eng d
020 _a9780132040662
041 _aeng
080 _a347
100 _a15
101 _aSHJ
245 _aDEVIANT BEHAVIOR AND HUMAN RIGHTS
_cGALLIHER, J.F
942 _2udc
_cBK
999 _c12996
_d12996